Trockenmaterialien fur die Floristik

Gespeichert in:
Bibliographische Detailangaben
Hauptverfasser: Sprunger, Samuel (Verfasst von), Wieler, Marianne (Verfasst von)
Format: Buch
Sprache:Deutsch
Veröffentlicht: Stuttgart : Ulmer, 1992
Ausgabe:1. vydanie
Schlagworte:
Tags: Tag hinzufügen
Keine Tags, Fügen Sie das erste Tag hinzu!

MARC

LEADER 00000nam a22000003a 4500
001 stu11363
005 20150617225802.0
008 950330s1992----gw------------------ger-d
020 |a 3800150670 
040 |a STU  |b slo 
041 0 |a ger 
044 |a gw 
100 1 |a Sprunger, Samuel  |4 aut 
245 1 |a Trockenmaterialien fur die Floristik 
250 |a 1. vydanie 
260 |a Stuttgart :  |b Ulmer,  |c 1992 
300 |a 220 s 
650 7 |a záhradná architektúra  |2 stusub 
700 1 |a Wieler, Marianne  |4 aut 
996 |b 284AU00302  |c A*2197 U  |l AAKNAR  |s A  |a 24  |w stu11363_0001